| 000 | 00498nam a2200193 a 4500 | ||
|---|---|---|---|
| 001 | 6741 | ||
| 003 | CO-ViMGA | ||
| 008 | 141112s2004 ck r 000 u spa d | ||
| 040 |
_aCO-ViMGA _bspa _cCO-ViMGA |
||
| 082 | 0 | 4 | _aBr 863.44 S254e |
| 100 | 1 |
_aScliar, Moacyr _95655 |
|
| 245 | 1 | 0 | _aEl ejercito de un hombre sólo |
| 250 | _a2a | ||
| 260 |
_aTercer Mundo, _c1995 |
||
| 300 | _a200 p | ||
| 490 | _aNarrativa contemporánea, colección prisma | ||
| 650 | 1 | 4 | _aNOVELA BRASILEÑA |
| 942 |
_2ddc _cBK |
||
| 999 |
_c18710 _d18710 |
||